Nuclear and particle physics simulations
সংরক্ষণ করুন:
| প্রধান লেখক: | , , , |
|---|---|
| বিন্যাস: | গ্রন্থ |
| ভাষা: | ইংরেজি |
| প্রকাশিত: |
Nueva York
John Wiley
1995
|
| মালা: | The Consortium for Upper-Level Physics Software
|
| বিষয়গুলি: | |
| ট্যাগগুলো: |
ট্যাগ যুক্ত করুন
কোনো ট্যাগ নেই, প্রথমজন হিসাবে ট্যাগ করুন!
|
MARC
| LEADER | 00000nam a2200000 a 4500 | ||
|---|---|---|---|
| 001 | UCP9131 | ||
| 003 | CL-VaPUC | ||
| 008 | 000317e19950000US |||||||||||||||||eng|d | ||
| 082 | 0 | 4 | |a 539.72 |b BIG |2 21 |
| 100 | 0 | |a Bigelow, Roberta |e author |9 439500 | |
| 700 | 0 | |a Moloney, Michael |e author |9 439501 | |
| 700 | 0 | |a Philpott, John |e author |9 439502 | |
| 700 | 0 | |a Rothberg, Joseph |e author |9 439503 | |
| 245 | 1 | 0 | |a Nuclear and particle physics simulations |
| 300 | |a 218 p | ||
| 942 | |c BK | ||
| 945 | |d 20000317 00:00:00 |a vberengu | ||
| 260 | |a Nueva York |b John Wiley |c 1995 | ||
| 500 | |a Incluye 2 disquette | ||
| 650 | 0 | |a Cinemática |9 260942 | |
| 650 | 7 | |a FISICA DE LAS PARTICULAS |2 CL-VaPUC |9 348401 | |
| 650 | 7 | |a FISICA NUCLEAR |2 CL-VaPUC |9 270366 | |
| 650 | 7 | |a MODELOS DE SIMULACION |2 CL-VaPUC |9 439504 | |
| 650 | 7 | |a PROPIEDADES NUCLEARES |2 CL-VaPUC |9 370974 | |
| 583 | |a last modification |c 20000317 00:00:00 |k Rodrigo Vera | ||
| 490 | 0 | |a The Consortium for Upper-Level Physics Software | |
| 999 | |c 285980 |d 285978 | ||
| 952 | |0 0 |1 0 |4 0 |6 539_720000000000000_BIG_1995 |7 0 |8 A |9 330881 |a BIBCUR |b BIBCUR |d 2019-11-20 |i 3531783 |o 539.72 BIG 1995 |p 3531783 |r 2025-04-22 |w 2019-11-20 |y BK |k FIS | ||